000 00351nam a2200157 i 4500
001 bg
100 1 _aEFIMOV, N. V.
245 0 _aKvadraticnyje formy i matricy /
_cN.V. Efimov.
250 _aIzd.6.
260 _aMoskva,
_c1975.
040 _cBPK
041 _apol
080 _a512.64
942 _cKS
008 s pl f |000 0 pol
999 _c26788
_d26788
856 _uhttp://koha.tu.koszalin.pl/cgi-bin/koha/opac-detail.pl?biblionumber=26788
_yKatalog online BPK